00312nam a2200133Ia 4500008004100000041001200041082002400053100002900077245001800106250001300124260001700137300001500154650000900169231217s9999 xx 000 0 und d aEnglish a001.6424JAV TIT R' aTittel, Ed Brogden, Bill 0aDiscover Java a1st ed.  c1997bComdex axvi+312+22 aJava